Ekonomista Czasopismo poswiecone nauce i potrzebom zycia

Gespeichert in:
Bibliographische Detailangaben
Format: Schriftenreihe
Sprache:Polnisch
Veröffentlicht: Warszawa KeyTex 1992
Schlagworte:
Tags: Tag hinzufügen
Keine Tags, Fügen Sie das erste Tag hinzu!

MARC

LEADER 00000nas2a2200000 4500
001 s016256
005 20240109094004.6
022 |a 0013-3205 
041 0 |a pol 
044 |a PL 
245 1 0 |a Ekonomista  |b Czasopismo poswiecone nauce i potrzebom zycia 
264 1 |a Warszawa  |b KeyTex  |c 1992 
300 |a 1 zv. 
773 0 |w eu_un_cat*s121066 
610 2 0 |a ekonómia politická 
610 2 0 |a rozvoj hospodársky 
610 2 0 |a politika hospodárska